000
00325nam a2200133Ia 4500
008
151001s9999||||xx |||||||||||||| ||und||
100
_a
एडगर बरो राईस
245
_a
टार्जन
250
_a
1
260
_b
किरण प्रकाशन
260
_c
1982
300
_a
29
365
_b
24
999
_c
961989
_d
961986